000 00593nam a22001937a 4500
003 BUBTL
008 230430b ||||| |||| 00| 0 eng d
082 _a346.03/ B2245l/ 2002
100 _95301
_aBangia, Dr. R. K.
245 _aLaw of Torts :(including motor vehicles act and consumer protection law) /
_bDr. R. K. Bangia
250 _a15th end
260 _aDelhi
_bAllahabad Law Agency
_cc2002
300 _a[xlii],654p. :
_b21 cm.
650 0 _926
_aLaw
700 _95301
_aBangia, Dr. R. K.
856 _k0
_l0
_yDownload
942 _2ddc
_cBK
999 _c7029
_d7029